02765cam a2200325 i 4500003000900000005001700009008004300026020001800069035001800087040003300105082002000138245010700158250002300265264003800288264002600326300002900352336002100381337002500402338002300427490003600450500009400486504004200580505108800622520052701710650003202237650004902269650002502318700003502343856006102378PE-LiUPU20251230073535.02201    s2022    pe a    rb    000 0 spa d  a9786123252373  aPE-LiUPU00044  aPE-LiUPUbspacPE-LiUPUerda04a341.4bT31422313aLa teoría de la argumentación en sus textos :buna antología /ceditado por Luis Vega Reñón.  aPrimera edición. 1aLima :bPalestra Editores,c2022. 3aImpreso en el Perú.  a460 páginas ;c20.5 cm  atext2rdacontent  aunmediated2rdamedia  avolume2rdacarrier0 aDerecho & argumentación ;v19  aAntología de textos fundamentales para el estudio de la teoría de la argumentación.  aIncluye referencias bibliográficas.  aPensar por sistemas, y pensar por ideas para tener en cuenta -- Pensar por sistemas, y pensar por ideas para tener en cuenta -- Falacias -- Los argumentadores como amantes -- Los conceptos de argumento y argumentar -- Tres perspectivas de la argumentación: retórica, dialéctica, lógica -- Las esferas personal, técnica y pública de la argumentación: una investigación especulativa en el arte de la deliberación pública -- Solo los hechos, señora: Lógica informal, género y pedagogía -- La argumentación es una guerra... y la guerra es un infierno: Filosofía, educación y metáforas para la argumentación -- Hacia una teoría de la argumentación visual -- Lógica informal: Una panorámica -- El desarrollo del enfoque pragma-dialéctico de la argumentación -- Por qué hacerlo bien si se trata de argumentar -- Los estudios de la argumentación en la estela de la nueva retórica -- La lógica de los desacuerdos profundos -- La argumentación en cuanto práctica -- La teoría argumentativa: predicciones y resultados empíricos.  aObra que reúne textos clásicos y contemporáneos que han contribuido a la conformación y desarrollo de la teoría de la argumentación como campo de estudio. La antología permite revisar los fundamentos conceptuales, metodológicos y críticos del análisis argumentativo, ofreciendo un panorama sistemático de los debates que han marcado la consolidación académica de la argumentación en el ámbito jurídico y filosófico, así como su proyección en la cultura argumentativa de habla hispana. 4aArgumentación jurídica. 4aInterpretación y aplicación del derecho. 4aLógica jurídica.1 aVega Reñón, Luis,eeditor.40uhttps://palestraeditores.comzSitio web de la editorial.